Quiz sur la Sainte-Lucie - Statistiques

Statistiques générales
  • Ce quiz a été pris 8 fois
  • Le résultat moyen est 6 sur 20
Statistiques - réponses
Indice Réponse % Correct
Période chrétienne de quatre semaine précédant Noël Avent
86%
Mer dans laquelle une île portant son nom se situe Mer des {Caraïbes}
86%
Lucie vient du latin Lux, ce qui signifie... Lumière
71%
Couleur des vêtements des participantes Robe {blanche}
71%
Jour auquel correspondait la Sainte-Lucie dans le calendrier julien {Solstice} d'hiver
71%
Date de la Sainte-Lucie 13 décembre
57%
Pays dans lequel elle est particulièrement importante Suède
57%
Ceinture {rouge}
43%
Région d'Europe qui la célèbre encore Scandinavie
29%
Année où la célébration prend sa forme moderne, grâce à l'initiative du Stockholms Dagblad 1927
14%
Dans ce pays, elle donne des cadeaux aux enfants sage, accompagnée par cet animal {Âne} volant
14%
Attribut principal de "Lucia", fille élue lors des célébrations et qui mène une procession Couronne de {bougies}
14%
Des garçons, les stjärngossar, défilent également: eux portent un chapeau conique décoré avec des... Étoiles
14%
Ville de l'est de la France qui célèbre Sainte-Lucie tous les ans dans son défilé des Lumières Montbéliard
14%
Tradition similaire du folklore de Noël germanique, sans procession, où la jeune femme représente l'enfant Jésus Christkindel
0%
Vin chaud épicé que les adultes savourent alors Glögg
0%
Patisserie habituellement dégustée à cette occasion Lussekatt
0%
Raison de son introduction au Danemark en 1944 R{ésistance passive}
0%
Ville dont Sainte-Lucie est la patronne Syracuse
0%
Région dans ce pays d'où la tradition s'est diffusée Västergötland
0%
Aucun quiz correspondant
Distribution des résultats
% des personnes avec chaque résultat
Percentile par nombre de réponses
Votre historique - résultats
Vous n’avez pas pris ce quiz